000 00487nam a2200181Ia 4500
005 20250508151121.0
008 008 250505s9999 xx 000 0 eng d
037 _aTextual
040 _aFEDL
_beng
_cFEDL
041 _aeng
_2eng
084 _a891.74, TOL
_qFEDL
100 _aTolstoy Leo
245 0 _aRecollections and essays
260 _aLondon, UK
_bOxford Univeristy Press
_c1946
300 _a499p.
942 _cTEXL
_h891.74, TOL
999 _c1327678
_d1327678